Состояние метрологического обеспечения учета нефти и нефтепродуктов стационарными и транспортными мерами вместимости; Измерительная техника; № 5

Detaylı Bibliyografya
Parent link:Измерительная техника=Measurement Techniques: научно-технический журнал/ Российская Федерация, Федеральное агентство по техническому регулированию и метрологии (Ростехрегулирование) (Госстандарт России).— , 1940-1941, 1955-.— 0368-1025
№ 5.— 2002.— С. 68-70
Yazar: Хусаинов Б. Г.
Diğer Yazarlar: Немиров М. С.
Dil:Rusça
Baskı/Yayın Bilgisi: 2002
Seri Bilgileri:Метрологическая служба
Konular:
Materyal Türü: MixedMaterials Kitap Bölümü
KOHA link:https://koha.lib.tpu.ru/cgi-bin/koha/opac-detail.pl?biblionumber=383655

MARC

LEADER 00000naa2a2200000 4500
001 383655
005 20231101063146.0
035 |a (RuTPU)RU\TPU\prd\9539 
090 |a 383655 
100 |a 20021226a2002 k y0rusy50 ca 
101 0 |a rus 
102 |a RU 
200 1 |a Состояние метрологического обеспечения учета нефти и нефтепродуктов стационарными и транспортными мерами вместимости  |f Б. Г. Хусаинов, М. С. Немиров 
225 1 |a Метрологическая служба 
320 |a Библиогр.: 3 назв. 
461 1 |0 (RuTPU)RU\TPU\prd\1509  |x 0368-1025  |t Измерительная техника  |l Measurement Techniques  |o научно-технический журнал  |f Российская Федерация, Федеральное агентство по техническому регулированию и метрологии (Ростехрегулирование) (Госстандарт России)  |d 1940-1941, 1955- 
463 1 |0 (RuTPU)RU\TPU\prd\6152  |t № 5  |v С. 68-70  |d 2002 
610 1 |a метрологическое обспечение 
610 1 |a нефть 
610 1 |a нефтепродукты 
610 1 |a учет 
610 1 |a стационарные меры 
610 1 |a транспортные меры 
610 1 |a вместимость 
610 1 |a автоматизированные установки 
675 |a 681.7.068  |v 3 
700 1 |a Хусаинов  |b Б. Г. 
701 1 |a Немиров  |b М. С. 
801 1 |a RU  |b 63413507  |c 20021226  |g PSBO 
801 2 |a RU  |b 63413507  |c 20121217  |g RCR 
942 |c BK